| 000 | 01291nam a22002297a 4500 | ||
|---|---|---|---|
| 999 |
_c57625 _d57625 |
||
| 003 | Ge_BSU | ||
| 005 | 20200819130318.0 | ||
| 008 | 200819s2014 ge ||||| |||| 00| 0 geo d | ||
| 020 | _a9789941935558 | ||
| 041 | _ageo | ||
| 080 | _a347+342.7 კ- 44 | ||
| 100 |
_aკვანტალიანი ნუნუ _92881 |
||
| 245 |
_aპაციენტის უფლებები და ჯანმრთელობის დაცვის პერსონალის სამოქალაქო სამართლებრივი პასუხისმგებლობის საფუძვლები / _cნუნუ კვანტალიანი; რედაქტორი: ზურაბ ძლიერიშვილი. |
||
| 264 |
_aთბილისი: _bიურისტების სამყარო, _c2014. |
||
| 300 |
_a227 გვ. _b20 სმ. |
||
| 504 | _aბიბლიოგრ. თავების ბოლოს | ||
| 653 | _aსამართალი | ||
| 653 | _aპაციენტის უფლებები | ||
| 653 | _aსამოქალაქო სამართალი | ||
| 700 |
_aძლიერიშვილი, ზურაბ _eრედაქტორი _98152 |
||
| 942 |
_2udc _cBK |
||